00545nam a22001817a 450000500170000001000130001702000260003003700480005608200110010410000190011524500390013425000080017326000650018127000440024630000350029070000210032570000170034620220927105240.0 aB-745699 a9780070264373c499.00 bTata McGraw-Hill Publishing Company Limited a658.87 aLevy, Michael  aRetaling Management/cMichael Leay a6th aNew DelhibTata McGraw-Hill Publishing Company Limitedc2010 a7 West Patel Nagar, bNew Delhie110008 axxxiii, 776p.bill.c25cm(pbk) aWeitz, A. Barton aPandit, Ajay